000 00388cam a22001457a 4500
008 180718b1993 xxu||||| |||| 00| 0 eng d
020 _a8185952078
082 _aB1243x54 G868
100 _aGrewal, J.S.
245 _aGuru Nanak and Patriarchy
_cby J.S. Grewal
260 _aShimla
_bIndian Institute of Advanced Study
_c1993
300 _a47p.
650 _aGuru Nanak
650 _aSikhs
999 _c361108
_d361108